Statistics for Top 50 NBA players by PPG (2016-17)

Click here to take the quiz!

General Stats

  • This quiz has been taken 39 times
  • The average score is 30 of 50

Answer Stats

#TeamPPGAnswer% Correct
2HOU29.1James Harden
100%
1OKC31.6Russell Westbrook
100%
4NOP28.0Anthony Davis
85%
6POR27.0Damian Lillard
85%
8CLE26.4LeBron James
85%
10GSW25.3Stephen Curry
85%
7NOP27.0Demarcus Cousins
81%
18WAS23.1John Wall
81%
9SAS25.5Kawhi Leonard
81%
5TOR27.3Demar Derozan
78%
24PHO22.1Devin Booker
78%
21MIL22.9Giannis Antetokounmpo
78%
3CLE28.9Isaiah Thomas
78%
12MIN25.1Karl-Anthony Towns
78%
17CHA23.2Kemba Walker
78%
13GSW25.1Kevin Durant
78%
23GSW22.3Klay Thompson
78%
11BOS25.2Kyrie Irving
78%
15OKC23.7Paul George
78%
16MIN23.6Andrew Wiggins
74%
19WAS23.1Bradley Beal
74%
22NYK22.4Carmelo Anthony
74%
20POR23.0C.J McCollum
74%
14MIN23.9Jimmy Butler
74%
28MIA20.3Goran Dragic
70%
25BOS21.9Gordon Hayward
70%
29MEM19.5Marc Gasol
70%
27MEM20.5Mike Conley
70%
30DAL19.2Harrison Barnes
63%
33SAS17.3LeMarcus Aldridge
63%
34MIA17.0Hassan Whiteside
59%
26LAL20.5Brook Lopez
56%
31ATL17.9Dennis Schroder
56%
36HOU16.2Eric Gordon
56%
35DEN16.7Nikola Jokic
56%
37DET16.1Tobias Harris
41%
40CHA15.1Nicolas Batum
37%
39MIN15.3Jeff Teague
30%
44ORL14.6Nikola Vucevic
30%
41PHI15.0J.J Redick
26%
45IND14.5Myles Turner
26%
49UTA14.0Rudy Gobert
26%
42TOR14.8Serge Ibaka
26%
47OKC14.3Enes Kanter
19%
32HOU17.5Lou Williams
19%
46NYK14.5Tim Hardaway Jr.
19%
38DEN15.7Wilson Chandler
19%
48MEM14.1Zach Randolph
19%
43LAL14.7Jordan Clarkson
15%
50DET14.0Marcus Morris
7%

Score Distribution

Percentile by Number Answered

Percent of People with Each Score

Your Score History

You have not taken this quiz